000 00883cam a22002175a 4500
001 L133731
008 060606s2006 xxkao f 000 0 eng u
035 _a(Sirsi) u133731
041 0 _aeng
050 0 4 _a690.241 $2 18
110 _aRoyal Institution of Chartered Surveyors
_94900
245 0 0 _aRICS Awards 2006
_bthe winners in Wales
260 _aRICS
_c2006
300 _a[10]p.
_bill.
_c21cm.
505 2 _aBuilding Conservation Award: Allt-y-Bela House -- Regeneration Award: Millennium Coastal Park -- Sustainability Award: The Senedd, National Assembly for Wales -- Community Benefit Award: Deri View Primary School -- Welsh Project of the Year: Ty George Thomas Hospice
520 _aPamphlet looks at the nominees and winners of the RICS Awards in Wales for 2006.
521 _aAdvanced
651 4 _aWales
_y1998-2007
690 _aABOUT RICS-AWARDS
942 _n0
999 _c105463
_d105463